Bryan Adams Songs on the Billboard Hot 100 Chart (USA) - Statistics

General Stats
  • This quiz has been taken 80 times
  • The average score is 10 of 25
Answer Stats
Peak Chart Position, Year Song Title % Correct
5, 1985 Summer of '69
93%
1, 1985 Heaven
88%
6, 1985 Run To You
79%
1, 1991 (Everything I Do) I Do It For You
76%
1, 1994 (with Rod Stewart & Sting) All For Love
63%
15, 1983 Cuts Like a Knife
51%
2, 1991 Can't Stop This Thing We Started
49%
11, 1985 Somebody
48%
15, 1986 It's Only Love
45%
1, 1995 Have You Ever Really Loved a Woman?
43%
7, 1993 Please Forgive Me
37%
6, 1987 Heat Of The Night
34%
10, 1983 Straight From The Heart
33%
13, 1985 One Night Love Affair
28%
52, 1996 The Only Thing That Looks Good On Me Is You
27%
11, 1992 Do I Have To Say The Words?
25%
24, 1983 This Time
25%
8, 1996 (with Barbra Streisand) I Finally Found Someone
18%
26, 1987 Heart's On Fire
15%
24, 1996 Let's Make a Night To Remember
15%
31, 1992 There Will Never Be Another Tonight
15%
73, 1996 (with Bonnie Raitt) Rock Steady
12%
13, 1992 Thought I'd Died And Gone To Heaven
12%
84, 1982 Lonely Nights
10%
32, 1987 Victim Of Love
9%
No matching quizzes found
Score Distribution
Percent of People with Each Score
Percentile by Number Answered
Your Score History
You have not taken this quiz